000 00394nam a2200157Ia 4500
008 210716s2000 xx 000 0 und d
020 _a0030222575
041 _aeng
082 _a658.84 FULF
100 _aFuller, Floyd.
245 _aGetting started with electronic commerce.
250 _a1
260 _aNew York
_bThe dryden press
_c2000
300 _axxiii,328
650 _aE-Commerce
999 _c198192
_d198192